000 00552nam a2200205Ia 4500
003 OSt
005 20250828175959.0
008 210423s1999 xx 000 0 und d
040 _cAL
041 _aEnglish
082 _a331
_bJOSL
100 _aJoshi M V
_9113896
245 _aLabour economics and labour problems
260 _aNew Delhi
_bAtlantic Publishers and Distributors
_c1999
365 _b295
_cINR
650 _aEconomics
_9113897
650 _aLabour Economics
_9113898
906 _aeconomics ; Labour ; problems
942 _2ddc
_cBK
999 _c173219
_d173219